[Event "Mechanics' Bedjanian TNM; G/2 d/5"]
[Site "San Francisco"]
[Date "2018.12.18"]
[Round "9.3"]
[White "Winslow, Elliott C"]
[Black "Jain, Shaurya"]
[Result "1-0"]
[WhiteElo "2308"]
[BlackElo "2033"]
[Annotator "Winslow,Elliott"]
[PlyCount "49"]
[EventDate "2018.??.??"]
[Source "ChessBase"]
[SourceDate "2007.09.04"]

1. d4 d5 2. c4 c6 3. Nf3 Nf6 4. Nc3 (4. e3 {
has been my more frequent move in recent years}) 4... dxc4 (4... e6 {
sends it towards the Meran System. I've then played} 5. Bg5 {without really
knowing what I'm doing. It's become distressingly within grasp of any club
player to study these lines up and put some random 2300 player in a panic. But
now I remember that being the case in the 70s as well, probably was true in
the 1800s.} ({and} 5. e3 Nbd7 6. Bd3 ({and} 6. Qc2))) 5. a4 Bf5 6. Ne5 (6. e3 {
is more stable. I don't know what I had against stable that day...}) 6... Nbd7
(6... e6 7. f3 Bb4 8. e4) 7. Nxc4 Qc7 8. g3 e5 9. dxe5 Nxe5 10. Bf4 Nfd7 11.
Bg2 g5 {The so-called Moiseenko Variation. Recommended by Avrukh in his
Grandmaster Repertoire book on the Classical Slav.} (11... f6) 12. Nxe5 {
I knew that this and} (12. Bxe5 {are the less reputed lines, and that}) (12.
Ne3 $5 {is the main move. But I've looked at it before, it's immensely
complicated, White often has to sacrifice some knight on b5 or d5 in some
tricky sequence, plus I didn't see what was wrong with the move I played.})
12... gxf4 13. Nxd7 {[#]} Bxd7 {He played this almost immediately, before I
could seriously weigh the alternative} (13... O-O-O $1 14. Qd4 Qxd7 15. Qxf4 $1
(15. Qxa7 $2 Qd2+ 16. Kf1 Qxb2 17. Qa8+ Kd7 18. Rd1+ Bd6) (15. Qxh8 $6 Qd2+ 16.
Kf1 Qxb2 17. Re1 Bb4 18. Qf6 Qc2 $1 19. Ne4 Be6 $11 (19... Rd5 $11 {0.00}) (
19... Bxe4 $2 20. Bh3+ Kc7 21. Qxf4+ Kb6 22. Bf5 $1 $14)) 15... Bd6 {
when best appears to be} 16. Qh6 Qe6 (16... Kb8 $14) 17. Qxe6+ Bxe6 18. O-O-O
$14) 14. Qd4 Rg8 15. Qe4+ Be6 $2 (15... Be7 $1 16. Qxh7 $2 (16. gxf4 f5 17. Qf3
O-O-O 18. O-O-O $17 Kb8 19. Bh3 Bf6 (19... Be6)) (16. O-O-O f5 17. Qd4 (17. Qf3
O-O-O $17)) 16... O-O-O 17. Rd1 Bc5 (17... Bd6 18. a5 fxg3 19. hxg3 Bxg3 20.
Rxd7 Bxf2+ 21. Kf1 $1 (21. Kxf2))) 16. Bh3 $1 Rg6 17. gxf4 Be7 18. f5 Bd5 {[#]}
19. fxg6 $1 {White "gives up a pawn" -- end result is Black's king is exposed,
White's new queen is "in there."} (19. Nxd5 $6 cxd5 20. Qe3 (20. fxg6 $4 dxe4
21. g7 Bb4+ 22. Kf1 Ke7) (20. Qf3) (20. Qxd5)) 19... Bxe4 20. g7 Bxh1 21. g8=Q+
Bf8 22. O-O-O Qf4+ (22... Qxh2 23. Bd7+ Ke7 24. Qg5+ f6 25. Qf5 Kf7 26. Be6+
Ke8 27. f4 (27. Rd7)) 23. e3 Qxf2 24. Rxh1 ({
In entering the game I mistakenly put in} 24. Rf1 $2 Qxe3+ 25. Kb1 {
and was surprised to see the dreaded "0.00":} Be4+ $11) 24... Qxe3+ 25. Kb1 1-0

[Event "Mechanics' Bedjanian TNM; G/2 d/5"]
[Site "San Francisco"]
[Date "2018.12.11"]
[Round "8.4"]
[White "Winslow, Elliott C"]
[Black "Mont-Reynaud, Jordy"]
[Result "1-0"]
[WhiteElo "2308"]
[BlackElo "2246"]
[Annotator "Winslow,Elliott"]
[PlyCount "101"]
[EventDate "2018.??.??"]
[Source "ChessBase"]
[SourceDate "2007.09.04"]

1. d4 g6 2. e4 Bg7 3. Nf3 c5 4. d5 {
(No transposition to any accelerated Dragon here)} e5 {
Completely unexpected. I revert to Basic Caveman for a while.} 5. Nc3 d6 6. h3
(6. Nd2 {has scored extremely well.}) 6... Ne7 7. g4 a6 8. a4 O-O 9. Bd3 f5 10.
gxf5 gxf5 11. Ng5 f4 12. Qh5 h6 13. Ne6 Bxe6 14. dxe6 Nbc6 15. Rg1 Kh8 16. Nd5
c4 $5 17. Bxc4 Nd4 18. Kd1 Rc8 19. Bd3 $6 (19. b3 $18 Nxe6 20. Bb2) 19... Qe8
20. Qxe8 Rfxe8 21. Bd2 Nf3 (21... Nxe6) 22. Rg2 (22. Rg4) 22... Ng5 23. Bc3 Ng6
(23... Nxe6) 24. Rg4 ({Stockfish has been begging for} 24. Ra3 {
for the last few moves. Ra3-b3 is surprisingly hard to meet.}) 24... Rxe6 25.
h4 {and we've slipped into +- again} Nh7 26. Kd2 Ne7 27. Rag1 (27. Nxf4 Rf6 28.
Rag1 Bf8 29. Ng6+ Nxg6 30. Rxg6) 27... Bf6 28. Nb6 (28. Bc4 $1 {
is even more problematic.}) 28... h5 $6 29. Nxc8 hxg4 {[#]} 30. Nxe7 $6 ({
I so wanted to get rid of that g4 pawn that I overlooked} 30. Bc4 $1) 30...
Rxe7 (30... Bxe7) 31. Rxg4 Rg7 32. Rxg7 (32. Be2) 32... Kxg7 33. Bb4 Be7 (33...
Bxh4 34. Bxd6 Kf6 35. Ke2) 34. a5 Nf6 35. f3 Nd7 36. Bc4 Nb8 37. Bd5 Nc6 38.
Bxc6 bxc6 39. Kd3 Kf7 (39... Bxh4 40. Bxd6 Kf6 41. Kc4 Bf2 42. Bb8 {
when it's b2-b4, Kb3, c2-c4, b4-b5 and send an a-pawn to a7 winning the bishop.
}) 40. Be1 Ke6 41. b4 d5 42. exd5+ cxd5 43. c4 Kd6 44. h5 Kc6 45. cxd5+ Kxd5
46. h6 Bf8 47. h7 Bg7 48. Bc3 Bf6 49. b5 axb5 50. a6 Kc6 51. Ke4 1-0

[Event "Mechanics' Winter TNM; G/2 d5"]
[Site "San Francisco"]
[Date "2018.02.06"]
[Round "5.1"]
[White "Winslow, Elliott C"]
[Black "O'Connor, Derek"]
[Result "1-0"]
[WhiteElo "2311"]
[BlackElo "2275"]
[Annotator "Winslow,Elliott"]
[PlyCount "65"]
[EventDate "2018.??.??"]
[Source "ChessBase"]
[SourceDate "2007.09.04"]

1. d4 Nf6 2. c4 c5 3. d5 e6 4. Nc3 exd5 5. cxd5 d6 6. Nf3 g6 7. Bf4 Bg7 8. e3 (
8. h3) (8. Qa4+ Bd7 9. Qb3 Qc7 (9... b5 $5)) 8... O-O 9. h3 a6 (9... Na6 10.
Be2 Nc7 11. a4 Re8 12. O-O Ne4 13. Qb3 b6 14. Bd3 Bf5 15. Qc4 {
1/2-1/2 (15) Sokolov,I (2650)-De Firmian,N (2580) Akureyri 1994}) (9... Qe7)
10. a4 Re8 (10... Qe7) (10... Ne8) (10... Qb6) 11. Bd3 (11. Nd2 Nbd7 12. Be2
Ne5 13. O-O (13. Bh2)) (11. Be2 Ne4) 11... Nbd7 (11... Nh5 12. Bh2 Nd7 13. Be2
f5 14. O-O Bf8 15. Rb1 Nhf6 16. Ng5 Ne5 17. b4 b6 18. Qb3 Qc7 19. bxc5 bxc5 20.
Rfc1 Qe7 21. a5 Ra7 22. Ne6 Bxe6 23. dxe6 Qxe6 24. Qxe6+ Rxe6 25. Rb6 c4 26.
Na2 Nfd7 27. Rbb1 Kg7 28. Nb4 Nc5 29. Nd5 Nb3 30. Rc2 {
1/2-1/2 (30) Gelfand,B (2740) -Iordachescu,V (2581) Civitanova Marche 2016})
12. Bxd6 Nb6 $6 (12... Qb6 13. Bh2 Qxb2 14. Qc1 Qb4 (14... Ne4 15. Qxb2 Bxc3+
16. Qxc3 Nxc3 17. d6 (17. a5 Nxd5) (17. O-O Nxd5 18. Rfd1 N7b6 19. a5 Na4 20.
Be5 Nac3 21. Rdc1) 17... b6) 15. O-O (15. Rb1 Nxd5 16. Rxb4 Bxc3+ 17. Nd2 cxb4
18. O-O Nc5 19. Bc2 Bd7 20. Nc4 b5 21. Rd1 bxc4 22. Rxd5 Rac8 23. Bd6 Nb3 24.
Qb1 Be6 25. Rd1 Nd2 26. Qc1 Nb3 27. Qb1 Red8 28. Be7 Nd2 29. Qc1 Rd7 30. Bf6
Bxf6 31. Rxd2 Rxd2 32. Qxd2 c3 33. Qd1 b3 {
0-1 (33) Rosenkilde,A (2197)-Van Kerkhof,D (2319) Skopje 2015}) 15... Ng4 (
15... c4 16. Rb1 Qc5 17. Be2 Nb6 18. Be5 $14 Rxe5 19. Nxe5 Bf5 20. Rxb6 Qxb6
21. Nxc4 Qc5 22. Qa3 Rc8 23. Qxc5 Rxc5 24. g4 Bc2 25. Rc1 Bb3 26. g5 Nxd5 27.
Ne4 Rc6 28. a5 b5 29. axb6 Nxb6 30. Ned2 Bxc4 31. Nxc4 a5 32. Rc2 a4 33. Bd3
Nd5 34. Be4 Rc5 35. Bxd5 Rxd5 36. Ra2 Rd1+ 37. Kg2 Ra1 38. Rd2 a3 39. Rd8+ Bf8
40. Ne5 Kg7 41. Rd7 a2 42. Rxf7+ Kg8 43. Ra7 Bc5 44. Ra8+ Kg7 45. Ng4 Kf7 46.
Nf6 Be7 47. Nxh7 Bd8 48. h4 Ke6 49. Nf8+ Kf5 50. Rxd8 Rg1+ 51. Kf3 {
1-0 (51) Espinosa Veloz,E (2499)-Cordova,E (2660) Merida 2016}) 16. hxg4 Qxc3
17. Qxc3 Bxc3 18. Rac1 Bb4) (12... c4 13. Be2 Nb6 14. Be5 Nbxd5 15. Nxd5 Qxd5
16. Qxd5 Nxd5 17. Bxg7 Kxg7 18. Bxc4 $16) 13. Bxc5 Nfxd5 14. O-O $1 (14. Nxd5
$6 Nxd5 15. Bd4 $2 (15. O-O Bxb2 16. Rb1 Nc3 17. Qb3 Qxd3 18. Rxb2 Be6) 15...
Bxd4 16. Nxd4 Nxe3 $19) 14... Nxc3 15. bxc3 Nd5 $6 (15... Bxc3 16. Rb1 Nd7 17.
Ba3 $14 (17. Bd6 $14)) 16. Bd4 $16 Nxc3 17. Qb3 (17. Qc2 Nd5 18. Bc4 Bxd4 19.
Nxd4 Nf4 20. Qb3) 17... Ne4 (17... Bxd4 18. Nxd4 Ne4 19. Bxe4 Rxe4 20. Rac1)
18. Rfd1 $6 (18. Bxg7 Kxg7 19. Rac1) 18... Qe7 $6 (18... Bxd4 19. Bxe4 Rxe4 20.
Nxd4 Qg5) 19. Bxe4 Qxe4 20. Bxg7 Kxg7 21. Rac1 Rb8 (21... Qe6 22. Qb4 b5) 22.
Rc7 Qf5 23. Rd6 Be6 24. Qb6 Qf6 (24... Kg8 25. Rc5 Qf6 26. Ng5) 25. Nd4 Kg8 26.
Rxb7 (26. f4) 26... Rbc8 27. Rc6 (27. Nxe6 Rxe6 28. Rxe6 Qxe6 29. Qxe6 fxe6 30.
Ra7) 27... Rxc6 28. Qxc6 Rc8 $2 (28... Qd8 29. e4 a5) 29. Qd6 {[#]} (29. Qb6)
29... Rc1+ (29... Qd8 30. Qxd8+ Rxd8 31. Nxe6 fxe6 32. Ra7 Rd6 33. f4 e5 34.
fxe5 Re6 35. Kf2 Rxe5 36. Rxa6) (29... h5 30. Nxe6 (30. f4)) 30. Kh2 Qxf2 $4
31. Qd8+ Kg7 32. Nxe6+ Kh6 33. Qg5# 1-0

[Event "Mechanics' Summer TNM; G/2 d/5"]
[Site "San Francisco"]
[Date "2018.06.17"]
[Round "8.2"]
[White "Winslow, Elliott C"]
[Black "O'Connor, Derek"]
[Result "1/2-1/2"]
[WhiteElo "2299"]
[BlackElo "2329"]
[Annotator "Winslow,Elliott"]
[PlyCount "29"]
[EventDate "2018.??.??"]
[Source "ChessBase"]
[SourceDate "2007.09.04"]

1. Nf3 d5 2. g3 Nf6 3. Bg2 g6 (3... c6) (3... e6) (3... Bf5) 4. c4 (4. O-O) (4.
b3) 4... Bg7 (4... c6) (4... dxc4) 5. cxd5 (5. O-O) (5. d4) 5... Nxd5 6. O-O (
6. Nc3) 6... O-O (6... Nc6) (6... Nb6) (6... c5) (6... e5) 7. Nc3 (7. d4) (7.
e4) 7... Nb6 (7... Nc6) (7... c5) (7... c6) (7... Nxc3) 8. d3 ({I avoided} 8.
d4 {here and earlier as I didn't have any idea what was going on in the last
20 years (but knew there were great advances). And Derek plays those positions
-- as White! So leg up.} Nc6 9. e3 {and} Re8 (9... e5 10. d5 Na5 (10... Ne7 11.
e4) 11. e4 {This I had a lot of success with in the 1970s (!)}) ({
But since then} 9... a5 10. Nh4 (10. d5) (10. b3) (10. Qe2)) 10. Nh4 {
are the big battlegrounds (although everything else under the sun is also seen)
}) 8... Nc6 9. Bg5 $6 {I'm surprised how badly this move has done! (Not that
anything else is much better than 50%)} (9. Be3) (9. Bd2) (9. a3) 9... h6 10.
Be3 Be6 (10... e5 $142) 11. Qc1 Kh7 12. Ne4 Bd5 {
Not expected. But wait! Is that a veiled draw scenario?} 13. Nc3 Be6 14. Ne4 {
After much study of Boards 1 & 3, as well as the prize fund, plus my leaving
for the East Coast on Wednesday with much more to prepare, I shut it down,
with cooperation:} Bd5 15. Nc3 1/2-1/2

[Event "Mechanics' Summer TNM; G/2 d5"]
[Site "San Francisco"]
[Date "2018.07.03"]
[Round "6.2"]
[White "Winslow, Elliott C"]
[Black "Papanek, Ella"]
[Result "1-0"]
[WhiteElo "2299"]
[BlackElo "1979"]
[Annotator "Winslow, E"]
[PlyCount "67"]
[EventDate "2018.??.??"]
[Source "ChessBase"]
[SourceDate "2007.09.04"]

1. e4 c5 2. Nf3 e6 3. d4 cxd4 4. Nxd4 a6 5. Nc3 (5. Bd3 Nf6 6. O-O e5 7. Bg5 h6
8. Bxf6 Qxf6 9. Nf5 g6 10. Ne3 Bc5 11. Nd5 Qd8 12. b4 Ba7 13. a4 d6 14. a5 Be6
15. Bc4 O-O 16. Qd3 Nc6 17. c3 Ne7 18. Nd2 Rc8 19. Rac1 Kg7 20. Kh1 Nxd5 21.
Bxd5 Qe7 {1/2 Caruana,F (2727)-Nakamura,H (2758)/Reggio Emilia ITA 2012/The
Week in Chess 896}) 5... Qc7 (5... b5 {Likavsky,T: '!'} 6. a4 $6 b4 {[%csl Rc3]
[%cal Gb4c3] tempo! Please compare with 5.Be2 b5. Look the next note.}) 6. Be2
(6. Be3 $6) (6. g3) (6. Qf3 $5) (6. Bd3) 6... Nf6 (6... b5) (6... Bb4) (6...
Nc6) 7. O-O Bb4 (7... Nc6 8. Be3 (8. Kh1 Nxd4 9. Qxd4 Bc5 {see below}) 8... Be7
(8... Bb4 9. Na4) 9. f4) (7... d6) (7... Be7) (7... b5) 8. Qd3 (8. Bg5) 8...
Nc6 (8... O-O) (8... Bxc3) 9. Nxc6 (9. Kh1 Nxd4 (9... O-O 10. f4) 10. Qxd4 Bc5
(10... Bxc3 $6 11. bxc3 e5 12. Qd3 O-O 13. Ba3 Re8 14. Bd6 $16) 11. Qd2 $1 ({
'A more common but probably worse move is'} 11. Qd3 {'which allows'} b5 {
Likavsky,T: '!'}) 11... h6 ({Black was fine in the attached game after} 11...
O-O {However, White could have prepared something stroger and it isn't so easy
for the black K to call out: "Here I am, on the kingside...".} 12. Qg5 d6 13.
Bd3 b5 14. Qg3 Bb7 15. Bh6 Ne8 16. Bd2 Nf6 17. Rae1 Bd4 18. f4 d5 19. e5 Ne4
20. Nxe4 dxe4 21. Bxe4 Bxe4 22. Rxe4 Rfd8 {
1/2 Jakovenko,D (2691)-Lautier,J (2656)/France 2007/CBM 116 ext (60)}) (11...
b5 $2 12. Qg5 $1) 12. f4 {[%cal Ge4e5]} d6 13. Qe1 {[%cal Ge4e5]} Bd7 {
Covering the e5-threat and developing the B.} (13... b5 $2 14. e5 $1 dxe5 15.
fxe5 Qxe5 $4 16. Bxb5+) 14. Qg3 Bd4 {
Vitiugov has already no taste for castling to a kingside weakened with h6.} (
14... O-O $2 15. e5 Ne8 16. Ne4 {[%csl Rg8,Rh6]}) 15. Bf3 (15. Qxg7 $2 Rg8 16.
Qxh6 Bc6 $40) 15... Qc4 (15... Bxc3 $6 16. bxc3 Qxc3 17. Rb1 Qxc2 18. Bb2 (18.
Rxb7) 18... Nxe4 19. Qxg7 $16) (15... O-O-O $6 16. Ne2 Bb5 17. Nxd4 $1 Bxf1 18.
Be3 Bb5 19. Qxg7 $16) (15... Bc6 $2 16. Ne2 $18) 16. Bd2 (16. Ne2 $2 Nxe4 $1)
16... Bc6 17. Rae1 $2 {
A serious mistake after which Black will take the initiative.} (17. e5 $1 {
looks like a reasonable try; e.g.:} Bxf3 18. Rxf3 dxe5 19. fxe5 Nd7 20. Ne4 (
20. Re1 $5 {[%csl Rf7,Rg7]} O-O-O $1 $13 {[%csl Rd2] [%cal Gd4e5,Yd8d2]} 21.
Qxg7 $2 Rdg8 22. Ne4 Qc6 23. Qxf7 Nxe5 $17) 20... Bxe5 21. Qxg7 (21. Nd6+ $5
Bxd6 22. Qxd6 $44) 21... Bxg7 22. Nd6+ Kf8 23. Nxc4 Ne5 24. Nxe5 Bxe5 25. Raf1
$14) 17... O-O-O $15 {[%csl Rh1][%cal Yh6h5,Yg7g5,Yc6h1, Yd4g1] |^} 18. Be2 (
18. e5 $2 dxe5 19. Bxc6 Qxc6 20. fxe5 Bxe5 {[%csl Rd2] [%cal Gd8d2]}) 18... Qc5
19. Bd3 g5 {[%cal Gf6h5]} (19... h5 $5 {[%cal Yf6g4, Gh5h4,Gf6h5,Gh5g3]} 20.
Na4 h4 21. Qf3 Bxa4 22. c3 Be5) 20. Qf3 (20. fxg5 $2 Be5 21. Qe3 hxg5 $17)
20... Rhg8 $2 (20... gxf4 $142 21. Bxf4 Nd7 $5 $15 {[%cal Gd7e5,Yf7f5]}) 21.
Na4 $1 {[%mdl 64]} g4 (21... Bxa4 $143 22. c3 {
[%csl Rd4,Rf6,Rf7][%cal Gc3d4,Gf4g5]} g4 23. Qe2 $1 $14 {[%csl Ra4][%cal Gd3a6]
}) 22. Qe2 Qh5 23. Bc3 Bxc3 24. Nxc3 $11 {White fortunately has solved some of
his problems and the chances are more or less equal.} Qc5 $6 {[%csl Rc5][%cal
Ge4e5,Yc3e4,Ye4c5] One slip leads often to another. This is an uinfortunate
square.} 25. e5 $1 Nd7 26. Ne4 Bxe4 {At last the very dangerous black B is out!
} 27. Bxe4 d5 {It's good to chase the B from the long /^, but now I don't see
any good hopes for the black rooks...} (27... dxe5 $142 {[%cal Gd8d1]} 28. f5
$1 $14 {[%csl Rb7,Rd7,Ye4][%cal Ye4b7,Ye4g2,Gf1f7][%mdl 32] |^ White's B is
much stronger than the black N now.} Nf6 $2 29. fxe6 Nxe4 30. exf7 Ng3+ 31.
hxg3 Rg5 32. Qf2 $16) 28. Bd3 $14 {[%cal Gc2c4] The position is somewhat
closed, but White has some prospects to open it, Black does not...} Kb8 29. Rb1
$1 {[%cal Gb2b4,Gb4b5][%mdl 32]} Rc8 30. b4 Qd4 31. Qe1 $1 {[%cal Ge1a5,Ye1h4]}
(31. b5 $143 a5 $1) 31... Nb6 32. b5 axb5 33. Rxb5 $40 {[%mdl 128]} Rc7 34. Qa5
Nd7 35. Rfb1 (35. Qa3 $5) 35... Qa7 $2 {Under pressure!} (35... Nc5 $142 {
and Black could hope to play on.}) 36. Qb4 $18 {[%csl Yb1,Yb4,Yb5,Rb7,Rb8]} Nc5
37. Bh7 $1 {A long and a nice move.} (37. Ra5 Nxd3 $1) 37... Rgc8 38. Ra5 Na6
$8 39. Qd6 {[%cal Ga5a6]} Ka8 40. Rb6 $1 {[%cal Ga5a6,Gb6a6]} Rc6 41. Raxa6 $1
{[%mdl 64]} bxa6 42. Rxc6 Rb8 43. c3 $1 {[%cal Gh7b1] 1-0 (43) Caruana,F (2727)
-Vitiugov,N (2729) Reggio Emilia 2012 CBM 146 [Likavsky,T] We have seen
perfect strategic and tactical play by White from move 21 and then his
energetic attack!}) (9. Be3 $2 {is not accurate, gently said, now.} Ne5 $1)
9... bxc6 (9... dxc6 10. Bg5 (10. f4 e5 $1 (10... O-O 11. e5 Rd8 12. Qh3 Bxc3
13. bxc3 $1 Nd7 14. Be3 c5 15. Rf3 $40 {
1-0 Olafsson,F-Pilnik,H/Reykjavik m 1957 (23)}) 11. Qg3 O-O 12. fxe5 Bxc3 13.
Qxc3 (13. Bh6 Ng4 $1 14. Bxg4 Bxe5 15. Bf4 Re8 $15) 13... Ng4 14. Bxg4 (14. Bf4
$6 Qb6+ 15. Kh1 Nf2+) 14... Bxg4 15. b3 Rfe8 16. Bb2 $10 {
Geisler,F-Miezis,N/GER/1994/0,5/16/}) 10... e5 11. Qg3 Be6 12. Rad1 Be7 {
1/2-1/2 Kuczynski,R-Kveinys,A/POL-chT Mikolajki 1991}) 10. f4 (10. Bg5 d5 (
10... Be7 11. Be3 O-O 12. f4 {Gershon,A-Rydl,F/WchJM-U12 Duisburg 1992/1-0 (78)
}) 11. Bxf6 gxf6 12. Na4 Bd6 13. h3 Bb7 14. Bf3 O-O 15. c4 dxc4 16. Qxc4 c5 17.
Rac1 Bc6 18. e5 {1/2-1/2 Baumstark,G-Uskova,F/Herculane-W 1994}) 10... a5 $6 (
10... d5 {is the "center" play.} 11. e5 (11. Be3 Bb7 (11... O-O 12. exd5 {
Soffer: Instead of the usual plan e5, Na4, c4 White tries to blockade the
centre and then try to exploit in the ending the isolated "a" pawn. The
drawback is that Black gets free piece play and the square e4 compensates for
White's controlofd4} (12. e5 {Meulders} Nd7 13. a3 (13. Bd2 Bb7 14. Kh1 Be7 15.
Qg3 c5 16. Bf3 Rfd8 17. Rae1 Nb6 18. Bh5 g6 19. f5 exf5 20. Rxf5 Bf8 21. Bf4
Qd7 22. Rf6 Nc4 23. e6 fxe6 24. Bxg6 hxg6 25. Rxg6+ Kf7 26. Bh6 {
1-0 (26) Rysbayeva,K (2040)-Kindinova,E (2185) Kostroma 2010}) 13... Be7 14.
Rad1 c5 15. Bc1) 12... cxd5 13. Bd4 Bc5 14. Qe3 Bxd4 15. Qxd4 Bd7 16. Bd3 Rfc8
17. a4 a5 18. Ra3 (18. Rac1 {Meulders} Rab8 19. Bb5 Bxb5 20. Nxb5 Qb6 21. b3
Ne4 22. g3 $11) 18... Qc5 19. Nb5 Qxd4+ 20. Nxd4 Ne8 21. Bb5 Ra7 22. Rff3 Nd6
23. Rac3 {By some clever moves White managed to set Black some problems, but
Black still has adequate defensive resources} Rxc3 24. Rxc3 Ne4 25. Rb3 $11 {
Meulders} Nc5 26. Rc3 Ne4 27. Re3 {
White refuses a draw, playing for a win, or as often happens, "for a loss".} (
27. Rb3 $11 {Meulders}) 27... h5 $5 (27... Kf8 $5 28. Bxd7 Rxd7 29. Rb3 Rc7 30.
Rb8+ Ke7 31. b3 Rc5) 28. c4 (28. Bxd7 Rxd7 29. Rb3 Rc7 {/\Rc4} 30. Rb8+ Kh7 31.
b3 Nc3 32. Ra8 Rc5) 28... Kf8 29. f5 Ke7 30. fxe6 fxe6 31. cxd5 exd5 {
White's pawn breakthroughs didn't achieve a concrete goal, and the initiative
has passed to Black, who has themorecentralizedking} 32. Bc6 $4 {A funny blun
der, which was probably planned in advance, in the mistaken belief that White
has an advantage. The reply is not difficult to find, because all other moves
do indeed lead to an advantage for White.} (32. Bd3 Kd6 (32... Kf6 {Meulders}
33. Bxe4 dxe4 34. Rxe4 Bxa4 35. b3 Bd7 $11) 33. Nb5+ (33. Bxe4 dxe4 34. Rxe4
Kd5 35. Rf4 g5 36. Nb5 gxf4 37. Nxa7 Bxa4 38. Nc8 $15) 33... Bxb5 34. axb5 $15)
32... Rc7 $1 {
0-1 (32) Yandemirov,V (2465)-Landa,K (2570) Omsk 1996 CBM 057 [Soffer,R]}) 12.
e5 Nd7 13. Na4 c5 14. c3 c4 15. Qd4 Be7 16. b4 a5 17. b5 O-O 18. Rab1 Rac8 19.
Bd1 Kh8 20. Bc2 f6 21. exf6 Rxf6 22. Rf3 Bd6 23. Rbf1 Rcf8 24. Bb1 Kg8 25. Bc2
R6f7 26. Rh3 h6 27. Rhf3 Nf6 28. Nc5 Bc8 29. b6 Qxb6 30. Nxe6 Qxd4 31. Nxd4 Rb7
32. Rb1 Rxb1+ 33. Bxb1 Bd7 34. Bf5 Rb8 35. Bxd7 Nxd7 36. Nc6 Ra8 37. Rf1 Nf6
38. Bd4 Ne4 39. Rb1 Rc8 40. Nxa5 Ra8 41. Rb5 Bxf4 42. Rxd5 Bd2 43. Nxc4 Bxc3
44. Bxc3 Nxc3 45. Rd2 Rxa2 {
1/2-1/2 (45) Nevednichy,V (2544)-Portisch,L (2573) Paks 2004}) 11... Nd7 12.
Na4 (12. a3 Be7 13. Qg3 O-O 14. Bd2 Bb7 15. Kh1 c5 16. b3 f5 $15 {
Sick, O-Werner,M/BL2-S 1988/0-1 (46)}) 12... a5 13. Qg3 O-O 14. Be3 (14. c4 f6
15. exf6 Nxf6 16. Be3 Ne4 17. Qh4 Be7 $11 18. Qe1 Bd6 (18... Bb4 19. Qh4 Be7
$11) 19. Bd3 Ba6 20. Bxe4 dxe4 21. b3 $14 {
Payen,A-Rotstein,A/Cannes op 1994/1-0 (60)}) 14... Be7 (14... Ba6 $5) 15. c4
Ba6 16. Rac1 c5 17. b3 d4 18. Bd2 Bb7 19. Rce1 f5 20. exf6 Rxf6 21. Bg4 Nf8 22.
h4 $14 h5 $2 23. Bxh5 Rh6 24. Qg4 Qc6 25. Rf3 g6 26. Rg3 Kh8 27. f5 exf5 28.
Qe2 $16 {Landa,K-Raicevic,V/Belgrade-A 1991/1-0 (41)}) 11. e5 $146 ({
The only game here is} 11. Qf3 d5 12. Bd3 Ba6 13. Bxa6 Rxa6 14. exd5 cxd5 15.
f5 O-O 16. Bg5 exf5 17. Bxf6 Rxf6 {
1/2-1/2 (68) Cardenas,J-Paz,A Santiago de Chile 1992}) 11... Ba6 12. Qf3 Bxc3
$6 $16 13. bxc3 Bxe2 14. Qxe2 Nd5 15. c4 Qa7+ 16. Kh1 Qd4 $6 {[#]} 17. cxd5 $1
$18 Qxa1 18. dxc6 Qxa2 (18... Qc3 19. cxd7+ Kxd7 20. f5) (18... O-O 19. Ba3 Qc3
20. Bxf8 Kxf8 21. cxd7 Rd8 22. f5) 19. cxd7+ Ke7 $2 (19... Kxd7 20. Qb5+ Kc7
21. Qc5+ Kb7 22. Be3 (22. Rf3) 22... Qb2 23. Rd1 Rad8 24. Qa7+ Kc8 25. Rd6 $1)
20. Rd1 (20. f5) 20... f6 (20... f5 21. exf6+ (21. Qf3 Rad8 22. Ba3+ Kf7 23.
Qh5+ g6 24. Qg5) 21... gxf6 22. Qg4 $18 Rhg8 (22... Kf7 23. f5 {
/\Bh6! (an idea I hadn't noticed)}) 23. Qh5 Rh8 24. Be3) (20... Rhb8 21. Qh5 h6
22. Qh4+ f6 23. exf6+ Kf7 24. f5) 21. Qg4 Kf7 22. Qh5+ Ke7 (22... g6 23. Qh4 {
is #6!}) 23. exf6+ gxf6 (23... Kxf6 {loses in every direction, most briskly}
24. f5 $1 {(#17)}) 24. Qc5+ {Everything is good,} (24. h4) (24. Qh6) ({but} 24.
Be3 $1 {is crispest:} Qxc2 25. d8=Q+ $1 Rhxd8 26. Bc5+) 24... Kf7 (24... Kd8
25. Ba3) 25. Ba3 h5 {Diagram # My next is virtually the answer (Stockfish 9
okays) to every other Black move:} (25... Rhd8) 26. h4 $1 {
No more pesky back rank mates.} Kg6 27. Kh2 (27. Rd3) 27... Rad8 28. Rd3 Rhg8
29. Qe7 (29. f5+) 29... Qxc2 30. Rg3+ Kh6 (30... Kf5 31. Qh7+ {
doesn't even just win the queen:} Kxf4 32. Bd6+ e5 33. Rf3+ Kg4 {
Well, the fastest mate *is*} 34. Qxc2 {(#3)}) 31. Qxf6+ Kh7 32. Qf7+ Kh8 33.
Bb2+ Qxb2 34. Qxh5# 1-0